000 00425pab a2200181 454500
008 180718b2005 xxu||||| |||| 00| 0 eng d
100 _aMcQuaid, Ronald W.
245 _aThe concept of employability
260 _c2005
300 _ap.197-219.
362 _aFeb
650 _aLabour market
650 _aUnemployments
650 _aEmployment
700 _aLindsay, Colin
773 _aUrban Studies
909 _a64955
999 _c64955
_d64955